Personnages GOD OF WAR par image (2018) - Statistiques

Statistiques générales
  • Ce quiz a été pris 475 fois
  • Le résultat moyen est 10 sur 13
Statistiques - réponses
Par images Réponse % Correct
Kratos
100%
Atreus/Loki
98%
Baldur
94%
Mimir
94%
Thor
94%
Freya
92%
Brok
78%
Zeus
77%
Athena
75%
Sindri
71%
Magni
56%
Modi
56%
Jormungandr
36%
Aucun quiz correspondant
Distribution des résultats
% des personnes avec chaque résultat
Percentile par nombre de réponses
Votre historique - résultats
Vous n’avez pas pris ce quiz